000 00195nam a2200109Ia 4500
100 _aSUSKIND/PATRICK.
942 _cBK
245 _aPERFUME
260 _b#N/A
546 _aENGLISH
999 _c34945
_d34945